Hijo de ladrón
Saved in:
| Main Author: | |
|---|---|
| Format: | Book |
| Language: | Spanish |
| Published: |
Santiago
Zig-Zag
1974
|
| Edition: | 15a. ed |
| Series: | Libros de Bolsillo Zig-Zag
|
| Subjects: | |
| Tags: |
Add Tag
No Tags, Be the first to tag this record!
|
MARC
| LEADER | 00000nam a2200000 a 4500 | ||
|---|---|---|---|
| 001 | UCH6715 | ||
| 003 | CL-VaPUC | ||
| 008 | 091109e19740000CL |||||||||||||||||spa|d | ||
| 082 | 0 | 4 | |a Ch863 |b ROJ |2 21 |
| 100 | 0 | |a Rojas, Manuel |e author |9 313776 | |
| 245 | 1 | 0 | |a Hijo de ladrón |
| 250 | |a 15a. ed | ||
| 300 | |a 255 p | ||
| 942 | |c BK | ||
| 945 | |d 20091109 00:00:00 |a lazolas | ||
| 260 | |a Santiago |b Zig-Zag |c 1974 | ||
| 650 | 0 | |a Novelas chilenas |9 265425 | |
| 650 | 0 | |a Literatura chilena |9 308278 | |
| 583 | |a last modification |c 20160520 16:17:27 |k Rodrigo Vera | ||
| 490 | 0 | |a Libros de Bolsillo Zig-Zag | |
| 999 | |c 337548 |d 337546 | ||